3-Word Book Title Match-Up Quiz Stats

 Plays Quiz Updated Jan 7, 2015

Challenge
Share
Tweet
Score 0/24 Timer 06:00
1 Play Today
% Correct
Pride
98.3%
Through
95.9%
Uncle
94.6%
War
92.7%
The
92.2%
My
92.2%
Brave
91.7%
East
90.5%
Fantastic
89.7%
Bridge
88%
Lady
87.1%
Waiting
76.2%
% Correct
Heart
75.6%
In
74%
Go
73.6%
Flowers
73.2%
Things
69.9%
On
64.3%
She's
57.8%
Lake
57.3%
Everything
56.4%
Wide
56.1%
Hearts
45.4%
Light
39.9%

You're not logged in!

Compare scores with friends on all Sporcle quizzes.
Join for Free
OR
Log In

You Might Also Like...

Show Comments

Extras

Top Quizzes Today


Score Distribution

Your Account Isn't Verified!

In order to create a playlist on Sporcle, you need to verify the email address you used during registration. Go to your Sporcle Settings to finish the process.

Report this User

Report this user for behavior that violates our Community Guidelines.

Details: